Представление документа в формате MARC21

Поле Инд. ПП Название Значение
Тип записи a
Библиографический уровень a
001 Контрольный номер RU/IS/BASE/262108662
005 Дата корректировки 20240122091230.6
084 a Индекс другой классификации/Индекс ББК 63.3(2)-7; 63.5(2=Рус)-7; 86.3(2Рос)-5; 86.372.24-5
090 00 a Полочн. индекс 63.5(2=Рус)
x Авторский знак Р 893
100 10 a Автор Полищук Н. С.
245 00 a Заглавие Развитие русских праздников
650 04 a Основная рубрика исторические науки
a Основная рубрика история
a Основная рубрика культура
a Основная рубрика этнология (этнография)
653 00 a Ключевые слова государственные праздники
a Ключевые слова гражданские праздники
a Ключевые слова духовная культура
a Ключевые слова народные гуляния
a Ключевые слова новейшее время
a Ключевые слова новое время
a Ключевые слова обряды
a Ключевые слова православные праздники
a Ключевые слова праздники
a Ключевые слова праздничная культура
a Ключевые слова религиоведение
a Ключевые слова религиозные праздники
a Ключевые слова Россия
a Ключевые слова русская культура
a Ключевые слова русские
a Ключевые слова советский период
a Ключевые слова средние века
a Ключевые слова традиции
a Ключевые слова ярмарки
773 00 d Дата издания источника Москва, 1999
g Прочая информация С. 573-602
t Заглавие источника Русские
w Контрольный № источника RU/IS/BASE/102094566
901 t Тип документа a